[Event "Moscow Chmp. b15 2016"]
[Site "ÐœÐ¾Ñ�ÐºÐ²Ð°"]
[Date "2016.11.19"]
[Round "8.22"]
[White "Balashov, Egor"]
[Black "Gornostaev, Yakov"]
[Result "1/2-1/2"]
[WhiteElo "1769"]
[BlackElo "1496"]
[PlyCount "46"]
[EventDate "2016.11.12"]

1. d4 Nf6 2. Nf3 g6 3. Nc3 d5 4. Bf4 c6 5. e3 Bg7 6. Be2 Bf5 7. Ne5 Nfd7 8. g4
Be6 9. h4 Nxe5 10. Bxe5 Bxe5 11. dxe5 Nd7 12. f4 Qb6 13. Qd2 Nc5 14. O-O-O
O-O-O 15. Qd4 Nd7 16. Qxb6 Nxb6 17. b3 f6 18. exf6 exf6 19. f5 gxf5 20. gxf5
Bxf5 21. Rhf1 Bd7 22. Rxf6 Rdf8 23. Kd2 Rhg8 {íå ïîíÿòíî} 1/2-1/2

[Event "Moscow Chmp. b15 2016"]
[Site "ÐœÐ¾Ñ�ÐºÐ²Ð°"]
[Date "2016.11.19"]
[Round "8.23"]
[White "Smelykh, Edvin"]
[Black "Ivanov, Egor"]
[Result "0-1"]
[WhiteElo "1715"]
[BlackElo "1354"]
[PlyCount "98"]
[EventDate "2016.11.12"]

1. e4 c5 2. Nf3 e6 3. d4 cxd4 4. Nxd4 Nc6 5. Nb5 a6 6. Nd6+ Bxd6 7. Qxd6 Qe7 8.
Bf4 Qxd6 9. Bxd6 Nge7 10. Nc3 b5 11. O-O-O O-O 12. Be2 Re8 13. Rd2 Nd8 14. e5
Nf5 15. f4 Nxd6 16. Rxd6 Nb7 17. Rd2 Rd8 18. Ne4 h6 19. Bf3 Ra7 20. Rhd1 Kf8
21. Rd3 Ke7 22. Nd6 Nxd6 23. Rxd6 a5 24. Kd2 Ra6 25. Kc3 Rxd6 26. Rxd6 f6 27.
Kd4 g5 28. Rb6 gxf4 29. exf6+ Kxf6 30. Ke4 Rf8 31. Rxb5 d5+ 32. Kxf4 e5+ 33.
Ke3 d4+ 34. Kd2 Bf5 35. Rxa5 e4 36. Bd1 e3+ 37. Ke1 Rg8 38. g3 Rc8 39. Rd5 Bxc2
40. Rxd4 Bxd1 41. Kxd1 Ke5 42. Rd7 Ke4 43. a4 Rf8 44. Re7+ Kd3 45. Rd7+ Ke4 46.
Ke1 Rc8 47. Rd1 Rc2 48. Rb1 Rxh2 49. Rd1 Kf3 0-1

[Event "Moscow Chmp. b15 2016"]
[Site "ÐœÐ¾Ñ�ÐºÐ²Ð°"]
[Date "2016.11.19"]
[Round "8.26"]
[White "Morozov, Fedor"]
[Black "Presnyakov, Oleg"]
[Result "1-0"]
[WhiteElo "1536"]
[BlackElo "1370"]
[PlyCount "32"]
[EventDate "2016.11.12"]

1. e4 c5 2. c3 Nc6 3. d4 cxd4 4. cxd4 Nf6 5. Nc3 e6 6. Nf3 Bb4 7. Bd3 O-O 8.
O-O a6 9. a3 Bxc3 10. bxc3 Qc7 11. h3 Ne7 12. Qb3 b6 13. a4 Ng6 14. Re1 d6 15.
e5 dxe5 16. Bxg6 fxg6 {íå ïîíÿòíî} 1-0

[Event "Moscow Chmp. b15 2016"]
[Site "ÐœÐ¾Ñ�ÐºÐ²Ð°"]
[Date "2016.11.19"]
[Round "8.28"]
[White "Khuranov, Aynar"]
[Black "Sorokin, Mikhael"]
[Result "0-1"]
[WhiteElo "1440"]
[BlackElo "1398"]
[PlyCount "44"]
[EventDate "2016.11.12"]

1. e4 e6 2. d3 d5 3. Nd2 c5 4. Ngf3 Nc6 5. g3 g6 6. Bg2 Bg7 7. c3 Nge7 8. O-O
O-O 9. Re1 d4 10. Qc2 e5 11. cxd4 cxd4 12. Nc4 Be6 13. b3 Rc8 14. Ba3 b5 15.
Ncd2 Qa5 16. Qc5 Rfe8 17. Rec1 Bh6 18. Nxe5 Nxe5 19. Qxe5 Qxa3 20. Rc7 Nc6 21.
Rxc8 Nxe5 22. Rxe8+ Kg7 0-1

[Event "Moscow Chmp. b15 2016"]
[Site "ÐœÐ¾Ñ�ÐºÐ²Ð°"]
[Date "2016.11.19"]
[Round "8.29"]
[White "Ivanov, Ilya"]
[Black "Pavlov, Ivan"]
[Result "0-1"]
[WhiteElo "1628"]
[BlackElo "1393"]
[PlyCount "45"]
[EventDate "2016.11.12"]

1. d4 e6 2. c4 d5 3. Nc3 Nf6 4. Nf3 Nbd7 5. Bg5 Bb4 6. e3 c5 7. a3 Bxc3+ 8.
bxc3 Qa5 9. Qc2 Ne4 10. Bd3 Nxg5 11. Nxg5 cxd4 12. Nf3 Qxc3+ 13. Qxc3 dxc3 14.
cxd5 exd5 15. Rc1 Nc5 16. Bb5+ Bd7 17. Rxc3 Bxb5 18. Rxc5 Bc6 19. Ne5 Rc8 20.
O-O f6 21. Nf3 Kd7 22. Nd4 Rhd8 23. Nf5 {íå ïîíÿòíî} 0-1

[Event "Moscow Chmp. b15 2016"]
[Site "ÐœÐ¾Ñ�ÐºÐ²Ð°"]
[Date "2016.11.12"]
[Round "1.7"]
[White "Maksimenko, Arseniy"]
[Black "Zhukov, Anton"]
[Result "1/2-1/2"]
[WhiteElo "1603"]
[BlackElo "1959"]
[PlyCount "111"]
[EventDate "2016.11.12"]

1. d4 Nf6 2. c4 e6 3. Nf3 b6 4. Nc3 Bb7 5. e3 Be7 6. Be2 O-O 7. O-O d5 8. Qc2
c6 9. Bd2 Nbd7 10. Rad1 Rc8 11. e4 dxe4 12. Nxe4 Nxe4 13. Qxe4 Nf6 14. Qc2 Qc7
15. Ne5 Bd6 16. f4 c5 17. Bc3 cxd4 18. Bxd4 Bc5 19. Bxc5 Qxc5+ 20. Kh1 Qc7 21.
b3 b5 22. Bf3 Ba6 23. Be2 bxc4 24. Bxc4 Bb7 25. Qe2 Qe7 26. Rfe1 Rc7 27. Rd3
Nd5 28. Rf1 h6 29. f5 Qc5 30. fxe6 fxe6 31. Rxf8+ Qxf8 32. Qf3 Qxf3 33. Rxf3
Bc8 34. h3 Nb6 35. Rd3 Nxc4 36. Nxc4 Rd7 37. Rxd7 Bxd7 38. Kg1 Kf8 39. Kf2 Ke7
40. Ke3 Kf6 41. b4 e5 42. Nb2 Bc6 43. g3 Bd7 44. h4 Kf5 45. Nd3 Bb5 46. Nc5 Bc4
47. a4 Kg4 48. Kf2 Bd5 49. b5 e4 50. a5 e3+ 51. Kxe3 Kxg3 52. b6 axb6 53. axb6
Kxh4 54. Kf2 Kg4 55. b7 Bxb7 56. Nxb7 1/2-1/2

[Event "Moscow Chmp. b15 2016"]
[Site "ÐœÐ¾Ñ�ÐºÐ²Ð°"]
[Date "2016.11.12"]
[Round "1.8"]
[White "Kambur, Evgeny"]
[Black "Makhauri, Eli"]
[Result "1-0"]
[WhiteElo "1926"]
[BlackElo "1596"]
[PlyCount "85"]
[EventDate "2016.11.12"]

1. c4 e5 2. Nc3 Nc6 3. g3 a6 4. Bg2 Bc5 5. b3 Nf6 6. e3 d6 7. Nge2 Bg4 8. Bb2
O-O 9. O-O Qd7 10. f3 Bf5 11. d4 exd4 12. exd4 Ba7 13. Ne4 Nxe4 14. fxe4 Bg4
15. Rf2 Rfe8 16. Qd2 f5 17. h3 Bxe2 18. Rxe2 fxe4 19. Rae1 Kh8 20. Rxe4 Rxe4
21. Rxe4 Qf7 22. Kh2 Re8 23. Qf4 Kg8 24. Qxf7+ Kxf7 25. Rf4+ Ke7 26. Bxc6 bxc6
27. Kg2 Rf8 28. Kf3 Rxf4+ 29. Kxf4 Kf7 30. Kf5 h6 31. g4 g6+ 32. Ke4 Ke6 33.
Bc1 h5 34. gxh5 gxh5 35. Bb2 Bb6 36. Bc3 Ba7 37. a3 Bb8 38. d5+ cxd5+ 39. cxd5+
Kf7 40. Kf5 Ba7 41. Kg5 Kg8 42. Kxh5 Kh7 43. Kg5 1-0

[Event "Moscow Chmp. b15 2016"]
[Site "ÐœÐ¾Ñ�ÐºÐ²Ð°"]
[Date "2016.11.12"]
[Round "1.9"]
[White "Vinokur, Leonid"]
[Black "Lupolov, Boris"]
[Result "0-1"]
[WhiteElo "1594"]
[BlackElo "1918"]
[PlyCount "76"]
[EventDate "2016.11.12"]

1. d4 d5 2. Nf3 c5 3. c4 Nf6 4. cxd5 Nxd5 5. Nc3 Nc6 6. e4 Nxc3 7. bxc3 Bg4 8.
Be3 e6 9. Bb5 Qa5 10. Bxc6+ bxc6 11. Qc2 Bxf3 12. gxf3 cxd4 13. Bxd4 e5 14. Be3
Bc5 15. Bxc5 Qxc5 16. Rd1 O-O 17. O-O Rfe8 18. Rd7 Re6 19. Rfd1 Rg6+ 20. Kh1 h6
21. Qd2 Rf6 22. Rg1 Kh7 23. Rd3 Rb8 24. Qc2 Rb5 25. Rg3 Qb6 26. Rd2 Qc5 27. Kg2
Ra5 28. Qb2 Qc4 29. Qc2 Ra3 30. Qb2 Rxc3 31. Rd1 Qc5 32. Rf1 Rc2 33. Qb3 Rc3
34. Qb2 Qa3 35. Qb8 g6 36. Qe8 Kg7 37. Rh3 Rcxf3 38. Rxh6 Rxf2+ 0-1

[Event "Moscow Chmp. b15 2016"]
[Site "ÐœÐ¾Ñ�ÐºÐ²Ð°"]
[Date "2016.11.12"]
[Round "1.10"]
[White "Gagarin, Vasily"]
[Black "Sharapov, Mihail"]
[Result "1-0"]
[WhiteElo "1913"]
[BlackElo "1564"]
[PlyCount "82"]
[EventDate "2016.11.12"]

1. e4 c6 2. d4 d5 3. Nc3 dxe4 4. Nxe4 Nf6 5. Nxf6+ exf6 6. c3 Bd6 7. Bd3 O-O 8.
Qc2 g6 9. Ne2 Be6 10. h4 Nd7 11. h5 f5 12. Nf4 Re8 13. Kf1 Nf6 14. hxg6 fxg6
15. Nxe6 Rxe6 16. Bg5 Qf8 17. Bc4 Nd5 18. Qb3 Qf7 19. g3 Bf8 20. Kg2 Qd7 21.
Rae1 Rae8 22. Bd2 Rxe1 23. Rxe1 Rxe1 24. Bxe1 b5 25. Bd3 a5 26. a4 Qe6 27. Qd1
bxa4 28. Bd2 Nb6 29. Bc2 c5 30. Bxa4 Nxa4 31. Qxa4 Qe4+ 32. Kh2 cxd4 33. Qc4+
Kh8 34. cxd4 Qf3 35. Be3 Qb7 36. b3 Qb4 37. Qd5 a4 38. bxa4 Qxa4 39. Qf7 Qb4
40. Bf4 Bg7 41. d5 Qe1 {çàïèñü íå ÿñíà} 1-0

[Event "Moscow Chmp. b15 2016"]
[Site "ÐœÐ¾Ñ�ÐºÐ²Ð°"]
[Date "2016.11.12"]
[Round "1.11"]
[White "Sakhin, Leonid"]
[Black "Perov, German"]
[Result "0-1"]
[WhiteElo "1563"]
[BlackElo "1875"]
[PlyCount "100"]
[EventDate "2016.11.12"]

1. e4 e5 2. Nf3 Nc6 3. Bc4 Nf6 4. Ng5 d5 5. exd5 Na5 6. Bb5+ c6 7. dxc6 bxc6 8.
Qf3 Be7 9. Bd3 h6 10. Ne4 Nd5 11. Ng3 O-O 12. O-O f5 13. Nxf5 Nf4 14. Nxe7+
Qxe7 15. Qe3 Qg5 16. g3 Bg4 17. Be4 Nh3+ 18. Kg2 Qxe3 19. dxe3 Ng5 20. Nc3 Nxe4
21. Nxe4 Bf3+ 22. Kg1 Bxe4 23. c3 Rad8 24. b3 Rf7 25. c4 Bd3 26. Re1 e4 27. Bb2
c5 28. Rad1 Nc6 29. Bc3 Nb4 30. Bxb4 cxb4 31. Rd2 a5 32. Red1 a4 33. Ra1 Ra8
34. Rc1 axb3 35. axb3 Rfa7 36. Kg2 Ra1 37. Rdd1 Rxc1 38. Rxc1 Ra3 39. c5 Rxb3
40. c6 Rc3 41. Rxc3 bxc3 42. c7 Ba6 43. h4 c2 44. g4 c1=Q 45. Kg3 Qxc7+ 46. Kg2
Qf7 47. g5 Qf3+ 48. Kg1 Bc8 49. h5 Bh3 50. g6 Qg2# 0-1

[Event "Moscow Chmp. b15 2016"]
[Site "ÐœÐ¾Ñ�ÐºÐ²Ð°"]
[Date "2016.11.12"]
[Round "1.13"]
[White "Agabekov, Saveliy"]
[Black "Bregman, Ilya"]
[Result "1-0"]
[WhiteElo "1539"]
[BlackElo "1835"]
[PlyCount "125"]
[EventDate "2016.11.12"]

1. e4 e6 2. d4 d5 3. e5 c5 4. Nf3 Nc6 5. Bd3 Bd7 6. O-O cxd4 7. Re1 Qc7 8. a3
a5 9. Nbd2 Nge7 10. Nf1 Ng6 11. Qe2 Be7 12. Ng3 f6 13. Bxg6+ hxg6 14. Qd3 Kf7
15. Bf4 Qb6 16. Ne2 g5 17. Bg3 g4 18. Nfxd4 Nxe5 19. Bxe5 fxe5 20. Nb3 a4 21.
Nd2 e4 22. Qg3 Bd6 23. Qxg4 Bxh2+ 24. Kf1 Qb5 25. c4 e5 26. Qg5 Qa6 27. Red1
Rad8 28. f3 Bf4 29. Nxf4 exf4 30. Qxf4+ Qf6 31. Qxf6+ gxf6 32. cxd5 Bb5+ 33.
Kf2 Rxd5 34. Nxe4 Rhd8 35. Nc3 Rxd1 36. Rxd1 Rxd1 37. Nxd1 Bc4 38. Nc3 b5 39.
Ke3 Ke6 40. g4 Kd6 41. Kd4 Bf1 42. Ne4+ Ke6 43. f4 f5 44. gxf5+ Kf7 45. Ke5 Bc4
46. Nd6+ Ke7 47. Nxc4 bxc4 48. f6+ Kf7 49. f5 Kf8 50. Kd4 Kf7 51. Kxc4 Kxf6 52.
Kb4 Kxf5 53. Kxa4 Ke6 54. Kb5 Kd7 55. Kb6 Kc8 56. a4 Kb8 57. b4 Ka8 58. a5 Kb8
59. a6 Ka8 60. Kc7 Ka7 61. b5 Ka8 62. a7 Kxa7 63. b6+ 1-0

[Event "Moscow Chmp. b15 2016"]
[Site "ÐœÐ¾Ñ�ÐºÐ²Ð°"]
[Date "2016.11.12"]
[Round "1.14"]
[White "Tadevosjan, Melis"]
[Black "Ivanov-Chernets, Kirill"]
[Result "1-0"]
[WhiteElo "1828"]
[BlackElo "1538"]
[PlyCount "79"]
[EventDate "2016.11.12"]

1. d4 Nf6 2. c4 g6 3. Nc3 Bg7 4. e4 O-O 5. Nf3 d6 6. Be2 c5 7. O-O Nbd7 8. d5
a6 9. a4 Qc7 10. h3 h6 11. Bf4 Qb6 12. Qd2 Kh7 13. a5 Qc7 14. Rfe1 Rd8 15. Bf1
Nh5 16. Bh2 b6 17. axb6 Qxb6 18. e5 dxe5 19. Nxe5 Nxe5 20. Bxe5 Bxe5 21. Rxe5
Qd6 22. Rae1 Ra7 23. Bd3 Nf6 24. Qe2 Rdd7 25. h4 Kg7 26. f4 Qb6 27. f5 Rdb7 28.
Nd1 Rd7 29. fxg6 fxg6 30. Qc2 Nxd5 31. Rxd5 Rxd5 32. cxd5 c4+ 33. Kh1 cxd3 34.
Qxc8 Rc7 35. Qe6 Qb4 36. Re4 Qa5 37. Rf4 h5 38. Qf7+ Kh6 39. Qf8+ Kh7 40. Rf7#
1-0

[Event "Moscow Chmp. b15 2016"]
[Site "ÐœÐ¾Ñ�ÐºÐ²Ð°"]
[Date "2016.11.12"]
[Round "1.15"]
[White "Morozov, Fedor"]
[Black "Zakirov, Artur"]
[Result "1-0"]
[WhiteElo "1536"]
[BlackElo "1824"]
[PlyCount "79"]
[EventDate "2016.11.12"]

1. e4 e5 2. Nf3 Nc6 3. Bc4 Bc5 4. d3 Nf6 5. Nc3 d6 6. h3 Be6 7. Bb3 Qd7 8. Be3
Bb6 9. Qd2 O-O-O 10. O-O-O d5 11. exd5 Nxd5 12. Bxb6 axb6 13. Nxd5 Bxd5 14.
Bxd5 Qxd5 15. Kb1 f5 16. Qe2 Rhe8 17. Qd2 e4 18. dxe4 Qxe4 19. Qc3 Qe2 20.
Rxd8+ Rxd8 21. Qe1 Re8 22. a3 Nd4 23. Qxe2 Nxe2 24. Re1 c5 25. Ka1 Kd7 26. Ng5
h6 27. Nh7 Kc6 28. Nf6 Re6 29. Nh5 Nd4 30. Rxe6+ Nxe6 31. Ng3 f4 32. Ne2 Kd5
33. Kb1 f3 34. gxf3 Ng5 35. Ng1 Ke5 36. Kc1 Kf4 37. Kd2 Ne6 38. c3 h5 39. Ke1
Ng5 {íå ïîíÿòíî} 40. Ke2 1-0

[Event "Moscow Chmp. b15 2016"]
[Site "ÐœÐ¾Ñ�ÐºÐ²Ð°"]
[Date "2016.11.12"]
[Round "1.16"]
[White "Gavrilov, Victor"]
[Black "Ajrapetov, Andrey"]
[Result "0-1"]
[WhiteElo "1795"]
[BlackElo "1499"]
[PlyCount "102"]
[EventDate "2016.11.12"]

1. d4 Nf6 2. Nc3 g6 3. e4 d6 4. Be3 Bg7 5. f3 O-O 6. Nge2 e5 7. d5 Nbd7 8. g4
b5 9. Nxb5 Rb8 10. Nxa7 Rxb2 11. Nc6 Qe8 12. Nc1 Nb8 13. Nd3 Rb7 14. Na5 Qa4
15. Nxb7 Bxb7 16. Be2 Nxe4 17. fxe4 Qxe4 18. Kd2 Qxd5 19. c3 e4 20. Re1 exd3
21. Bxd3 Ba6 22. Qc2 Nc6 23. g5 Ne5 24. Bd4 Nf3+ 25. Kd1 Nxe1 26. Kxe1 Qh1+ 27.
Kd2 Qxa1 28. Bxa6 Bxd4 29. cxd4 Qxd4+ 30. Qd3 Qxd3+ 31. Kxd3 Re8 32. Bb5 Re5
33. a4 Rxg5 34. Kc4 Rc5+ 35. Kb4 c6 36. Bc4 Re5 37. a5 Re1 38. Bb3 c5+ 39. Kb5
Rb1 40. Ka4 Kg7 41. a6 f5 42. Bd5 Ra1+ 43. Kb5 Kf6 44. Bb3 f4 45. Ba4 Rb1+ 46.
Ka5 Rb8 47. Bc6 c4 48. a7 Rd8 49. Kb4 d5 50. Bxd5 Ke5 51. Kxc4 Rc8+ 0-1

[Event "Moscow Chmp. b15 2016"]
[Site "ÐœÐ¾Ñ�ÐºÐ²Ð°"]
[Date "2016.11.12"]
[Round "1.17"]
[White "Gornostaev, Yakov"]
[Black "Kretov, Leonid"]
[Result "0-1"]
[WhiteElo "1496"]
[BlackElo "1789"]
[PlyCount "62"]
[EventDate "2016.11.12"]

1. d4 d5 2. c4 e6 3. Nc3 Nf6 4. Nf3 Be7 5. g3 O-O 6. Bg2 c5 7. cxd5 exd5 8. O-O
Nc6 9. Bg5 Be6 10. Re1 Ne4 11. Be3 Qa5 12. Rc1 Rfd8 13. a3 Nxc3 14. Rxc3 c4 15.
Bf4 b5 16. Rc1 Qb6 17. Be3 a5 18. Qc2 h6 19. Red1 b4 20. Nd2 Rac8 21. Nxc4 dxc4
22. d5 Bc5 23. Bxc5 Qxc5 24. dxc6 bxa3 25. bxa3 Qxa3 26. Rxd8+ Rxd8 27. c7 Rc8
28. Rd1 Qe7 29. Rb1 Qxc7 30. Rb7 Qe5 31. Re7 Qa1+ 0-1

[Event "Moscow Chmp. b15 2016"]
[Site "ÐœÐ¾Ñ�ÐºÐ²Ð°"]
[Date "2016.11.12"]
[Round "1.18"]
[White "Balashov, Egor"]
[Black "Orlov, Aleksandr"]
[Result "1/2-1/2"]
[WhiteElo "1769"]
[BlackElo "1449"]
[PlyCount "127"]
[EventDate "2016.11.12"]

1. d4 Nf6 2. Nf3 g6 3. Nc3 d5 4. Bf4 c6 5. e3 Bg7 6. Be2 Bf5 7. Ne5 Nbd7 8. f3
Nxe5 9. Bxe5 O-O 10. h4 Nd7 11. Bxg7 Kxg7 12. h5 f6 13. Qd2 Rh8 14. O-O-O b5
15. e4 dxe4 16. fxe4 Be6 17. d5 cxd5 18. exd5 Bf7 19. Bxb5 Nb6 20. hxg6 hxg6
21. Rxh8 Qxh8 22. Qe3 Qh6 23. Qxh6+ Kxh6 24. a4 Rd8 25. Bc6 Nc4 26. b4 a5 27.
b5 Nb6 28. Kd2 f5 29. Ke3 Kg7 30. Kd4 Rc8 31. Ne2 Bxd5 32. Bxd5 Nxd5 33. c4 Nb6
34. Rc1 Kf6 35. c5 e5+ 36. Kd3 Nxa4 37. c6 Nb6 38. Ra1 Ra8 39. Nc3 a4 40. Nxa4
e4+ 41. Ke3 Rxa4 42. Rxa4 Nxa4 43. c7 Nb6 44. Kd4 e3 45. Kc5 Nc8 46. b6 Nxb6
47. Kxb6 e2 48. c8=Q e1=Q 49. Qd8+ Kf7 50. Qd7+ Qe7 51. Qd5+ Qe6+ 52. Kc5 Qxd5+
53. Kxd5 Kf6 54. Kd4 Kg5 55. Ke3 Kg4 56. Kf2 f4 57. Kf1 Kg3 58. Kg1 g5 59. Kh1
g4 60. Kg1 f3 61. Kh1 fxg2+ 62. Kg1 Kh3 63. Kf2 g3+ 64. Kg1 1/2-1/2

[Event "Moscow Chmp. b15 2016"]
[Site "ÐœÐ¾Ñ�ÐºÐ²Ð°"]
[Date "2016.11.12"]
[Round "1.19"]
[White "Lutan, Gleb"]
[Black "Belikov, Semen"]
[Result "0-1"]
[WhiteElo "1446"]
[BlackElo "1750"]
[PlyCount "86"]
[EventDate "2016.11.12"]

1. d4 Nf6 2. c4 g6 3. Nc3 Bg7 4. e4 d6 5. Be2 O-O 6. Nf3 e5 7. O-O Nbd7 8. Re1
Re8 9. Bf1 exd4 10. Nxd4 Nc5 11. f3 Nfd7 12. Be3 Ne5 13. Rc1 Ne6 14. Nce2 Nxd4
15. Nxd4 Nc6 16. Nxc6 bxc6 17. b4 f5 18. Bf2 fxe4 19. fxe4 Be6 20. Qa4 Rf8 21.
Qc2 Be5 22. c5 Qf6 23. Re2 Bg4 24. Qb3+ Rf7 25. Rec2 Be6 26. Bc4 Bxc4 27. Qxc4
Raf8 28. cxd6 cxd6 29. Bxa7 d5 30. exd5 Rxa7 31. dxc6+ Raf7 32. Rd1 Bd4+ 33.
Kh1 Qxc6 34. Qxf7+ Rxf7 35. Rxc6 Be3 36. g3 Rf2 37. a4 Ra2 38. a5 Kg7 39. a6
Kh6 40. b5 Kg5 41. Rd5+ Kg4 42. Rd1 Kh3 43. Rc4 Rxh2# 0-1

[Event "Moscow Chmp. b15 2016"]
[Site "ÐœÐ¾Ñ�ÐºÐ²Ð°"]
[Date "2016.11.12"]
[Round "1.20"]
[White "Fedorov, Nikita"]
[Black "Khuranov, Aynar"]
[Result "1-0"]
[WhiteElo "1744"]
[BlackElo "1440"]
[PlyCount "75"]
[EventDate "2016.11.12"]

1. e4 e6 2. d4 d5 3. Nd2 c5 4. Ngf3 Nc6 5. exd5 exd5 6. dxc5 Bxc5 7. Nb3 Bb6 8.
Bb5 Nge7 9. O-O O-O 10. h3 Nf5 11. Bf4 Be6 12. c3 Bc7 13. Qd2 Bxf4 14. Qxf4 Qd6
15. Qd2 a6 16. Bd3 Rac8 17. Rad1 Rfd8 18. Rfe1 h6 19. a3 Kh8 20. Bb1 Rc7 21.
Qc2 Kg8 22. Nbd4 g6 23. Nxe6 fxe6 24. g4 Nfe7 25. Nh4 Ne5 26. Qe2 g5 27. Qxe5
gxh4 28. Qxe6+ Qxe6 29. Rxe6 Kg7 30. Rde1 Ng8 31. Ba2 d4 32. cxd4 Rxd4 33. Re8
Nf6 34. R8e7+ Rxe7 35. Rxe7+ Kg6 36. Bb1+ Kg5 37. Re5+ Kf4 38. Rf5# 1-0

[Event "Moscow Chmp. b15 2016"]
[Site "ÐœÐ¾Ñ�ÐºÐ²Ð°"]
[Date "2016.11.12"]
[Round "1.21"]
[White "Sorokin, Mikhael"]
[Black "Dmitriev, Leonid"]
[Result "1-0"]
[WhiteElo "1398"]
[BlackElo "1734"]
[PlyCount "63"]
[EventDate "2016.11.12"]

1. d4 d5 2. c4 e6 3. Bf4 Nf6 4. Nc3 Bd6 5. Bxd6 Qxd6 6. e3 O-O 7. Nf3 c5 8.
cxd5 exd5 9. dxc5 Qxc5 10. Be2 Nc6 11. O-O Be6 12. Rc1 Rac8 13. Qd2 Rfd8 14.
Rfd1 Qe7 15. Nd4 Ne5 16. Ndb5 a6 17. Nd4 h6 18. a3 b5 19. b4 Nc4 20. Bxc4 dxc4
21. Nc6 Rxc6 22. Qxd8+ Qxd8 23. Rxd8+ Kh7 24. f3 Nd7 25. Ne4 f5 26. Nf2 Kg6 27.
Nh3 Rd6 28. Nf4+ Kf6 29. Nxe6 Kxe6 30. f4 Rd3 31. Ra1 Rxe3 32. Re8+ 1-0

[Event "Moscow Chmp. b15 2016"]
[Site "ÐœÐ¾Ñ�ÐºÐ²Ð°"]
[Date "2016.11.12"]
[Round "1.22"]
[White "Kuzmishin, Leonid"]
[Black "Pavlov, Ivan"]
[Result "1-0"]
[WhiteElo "1733"]
[BlackElo "1393"]
[PlyCount "54"]
[EventDate "2016.11.12"]

1. e4 e6 2. d4 d5 3. e5 c5 4. Nf3 cxd4 5. Bd3 Nc6 6. O-O Nge7 7. Bf4 Ng6 8. Bg3
Be7 9. Re1 O-O 10. Nbd2 Qb6 11. h4 Rd8 12. h5 Nf8 13. Bf4 Re8 14. Nh2 Bd7 15.
Ng4 Qd8 16. Nf3 Rc8 17. a3 Ra8 18. Qd2 Rc8 19. Kh2 Ra8 20. Rh1 Rc8 21. Kg1 Ra8
22. Rh3 Kh8 23. Ng5 Bxg5 24. Bxg5 Ne7 25. h6 gxh6 26. Bf6+ Kg8 27. Qxh6 Nf5 1-0

[Event "Moscow Chmp. b15 2016"]
[Site "ÐœÐ¾Ñ�ÐºÐ²Ð°"]
[Date "2016.11.12"]
[Round "1.23"]
[White "Presnyakov, Oleg"]
[Black "Smelykh, Edvin"]
[Result "1/2-1/2"]
[WhiteElo "1370"]
[BlackElo "1715"]
[PlyCount "67"]
[EventDate "2016.11.12"]

1. e4 c5 2. f4 d5 3. e5 Nc6 4. Nf3 Bg4 5. Bb5 a6 6. Bxc6+ bxc6 7. h3 Bxf3 8.
Qxf3 e6 9. O-O Ne7 10. d3 h5 11. Nc3 Nf5 12. Ne2 h4 13. c4 Be7 14. b3 Qb6 15.
Bb2 d4 16. Bc1 Kd7 17. Kh2 Rag8 18. g4 hxg3+ 19. Nxg3 g6 20. Ne4 Rh6 21. Ng5
Bxg5 22. fxg5 Rh5 23. Qg4 Rh4 24. Qg2 Rgh8 25. Rf3 Qd8 26. Bd2 Qg8 27. Rg1 R8h7
28. Be1 R4h5 29. Bf2 Qh8 30. Re1 Qd8 31. Rg1 Qh8 32. Re1 Qd8 33. Rg1 Qh8 34.
Re1 1/2-1/2

[Event "Moscow Chmp. b15 2016"]
[Site "ÐœÐ¾Ñ�ÐºÐ²Ð°"]
[Date "2016.11.12"]
[Round "1.24"]
[White "Plaksin, Igor"]
[Black "Ivanov, Egor"]
[Result "0-1"]
[WhiteElo "1712"]
[BlackElo "1354"]
[PlyCount "86"]
[EventDate "2016.11.12"]

1. e4 c5 2. Nf3 e6 3. d4 cxd4 4. Nxd4 a6 5. Nc3 Nc6 6. Nxc6 bxc6 7. Bd3 Nf6 8.
O-O Be7 9. f4 O-O 10. Rf3 Ng4 11. Qe2 Nf6 12. e5 Nd5 13. Nxd5 cxd5 14. Rg3 Kh8
15. Qh5 g6 16. Qh6 Rg8 17. Be3 Qf8 18. Qh3 d6 19. Rf1 Rb8 20. Qg4 dxe5 21. fxe5
Rxb2 22. Rgf3 Bc5 23. Bd4 Rg7 24. Kh1 Bxd4 25. Qxd4 Rb4 26. Qa7 f5 27. Qa8 Rg8
28. Qc6 Qd8 29. Rh3 Qb6 30. Qc3 Bd7 31. Qd2 Rb1 32. Qf4 Rxf1+ 33. Bxf1 Qc5 34.
Qh4 h5 35. Qg5 Qf8 36. Rb3 Rg7 37. Bxa6 Qa8 38. Bf1 Kh7 39. Qd2 Qxa2 40. Rb8
Qa1 41. Kg1 Qa7+ 42. Qf2 Qxb8 43. Qc5 Qxe5 0-1

[Event "Moscow Chmp. b15 2016"]
[Site "ÐœÐ¾Ñ�ÐºÐ²Ð°"]
[Date "2016.11.12"]
[Round "1.25"]
[White "Nikulshin, Alexey"]
[Black "Talalov, Anton"]
[Result "0-1"]
[WhiteElo "1348"]
[BlackElo "1709"]
[PlyCount "50"]
[EventDate "2016.11.12"]

1. e4 e5 2. Nf3 Nc6 3. Bc4 Bc5 4. c3 Nf6 5. d4 exd4 6. cxd4 Bb4+ 7. Bd2 Bxd2+
8. Nbxd2 d5 9. exd5 Nxd5 10. Qb3 Nce7 11. O-O O-O 12. Rfe1 c6 13. Re5 Ng6 14.
Re2 Nb6 15. Ne5 Nxc4 16. Qxc4 Be6 17. Qc3 Nf4 18. Ree1 Bd5 19. Ndf3 f6 20. Nd3
Ng6 21. Nc5 Nf4 22. Nxb7 Qd7 23. g3 Nh3+ 24. Kg2 Ng5 25. Re3 Qxb7 0-1

[Event "Moscow Chmp. b15 2016"]
[Site "ÐœÐ¾Ñ�ÐºÐ²Ð°"]
[Date "2016.11.13"]
[Round "2.1"]
[White "Yeritsyan, Aram"]
[Black "Kuzmishin, Leonid"]
[Result "1-0"]
[WhiteElo "2156"]
[BlackElo "1733"]
[PlyCount "79"]
[EventDate "2016.11.12"]

1. e4 e6 2. d4 d5 3. Nc3 Bb4 4. e5 c5 5. a3 Bxc3+ 6. bxc3 Ne7 7. Qg4 O-O 8. Bd3
Nd7 9. Nf3 f5 10. Qg3 c4 11. Be2 Qe8 12. h4 Nb6 13. h5 Kh8 14. Bg5 Kg8 15. Bf6
Rf7 16. h6 g6 17. Ng5 Rf8 18. Bg7 Na4 19. Bxf8 Qxf8 20. Kd2 Nc6 21. Qh4 a6 22.
g4 f4 23. Nf3 Na7 24. Qf6 Nb5 25. Qxf8+ Kxf8 26. Ng5 Kg8 27. Rh3 Bd7 28. Rf3
Rf8 29. Nh3 Bc8 30. Rb1 Nb6 31. Rb4 Na8 32. a4 Na7 33. Rxf4 Rxf4 34. Nxf4 Nc6
35. Rb1 Nc7 36. Ng2 Nd8 37. f4 Nf7 38. Rh1 Nd8 39. Ne3 Bd7 40. a5 1-0

[Event "Moscow Chmp. b15 2016"]
[Site "ÐœÐ¾Ñ�ÐºÐ²Ð°"]
[Date "2016.11.13"]
[Round "2.2"]
[White "Stukan, Martin"]
[Black "Pontis, Stanislav"]
[Result "0-1"]
[WhiteElo "2111"]
[BlackElo "1661"]
[PlyCount "52"]
[EventDate "2016.11.12"]

1. e4 c5 2. Nf3 Nc6 3. d4 cxd4 4. Nxd4 e5 5. Nb5 a6 6. Nd6+ Bxd6 7. Qxd6 Qe7 8.
Qxe7+ Ngxe7 9. c3 d5 10. exd5 Nxd5 11. g3 Be6 12. Bg2 O-O 13. Nd2 Rac8 14. Ne4
Nce7 15. Bd2 Rfd8 16. Rd1 b5 17. O-O Nb6 18. b3 h6 19. c4 bxc4 20. Ba5 Rxd1 21.
Rxd1 cxb3 22. Bxb6 b2 23. Nd2 Rc1 24. Rf1 Bf5 25. Bf3 Bd3 26. Rd1 e4 0-1

[Event "Moscow Chmp. b15 2016"]
[Site "ÐœÐ¾Ñ�ÐºÐ²Ð°"]
[Date "2016.11.13"]
[Round "2.3"]
[White "Talalov, Anton"]
[Black "Pesotskiy, Mikhail"]
[Result "1/2-1/2"]
[WhiteElo "1709"]
[BlackElo "2042"]
[PlyCount "91"]
[EventDate "2016.11.12"]

1. e4 e6 2. d4 d5 3. Nc3 Bb4 4. e5 c5 5. a3 Bxc3+ 6. bxc3 Qa5 7. Bd2 Qa4 8. Qg4
Kf8 9. Qd1 b6 10. dxc5 bxc5 11. Nf3 Ne7 12. Bd3 Ba6 13. h4 Nd7 14. h5 Bxd3 15.
cxd3 Qxd1+ 16. Kxd1 Nc6 17. Be3 f6 18. exf6 gxf6 19. g4 Ke7 20. Rb1 Kd6 21. g5
e5 22. gxf6 Nxf6 23. Ng5 Rab8 24. Kc2 Rhf8 25. Rxb8 Rxb8 26. f4 d4 27. fxe5+
Kxe5 28. Bd2 dxc3 29. Bxc3+ Nd4+ 30. Bxd4+ Kxd4 31. Re1 Nxh5 32. Re4+ Kd5 33.
Nxh7 Rb7 34. Ng5 Rg7 35. Nf3 Rg2+ 36. Kc3 Nf6 37. Ra4 Rg3 38. Nd2 Rg7 39. Ne4
Nxe4+ 40. Rxe4 Rd7 41. Rh4 Kc6 42. Kc4 Rd6 43. Rg4 Kb6 44. d4 cxd4 45. Rxd4
Rxd4+ 46. Kxd4 1/2-1/2

[Event "Moscow Chmp. b15 2016"]
[Site "ÐœÐ¾Ñ�ÐºÐ²Ð°"]
[Date "2016.11.13"]
[Round "2.4"]
[White "Koldaev, Dungar"]
[Black "Agabekov, Saveliy"]
[Result "1-0"]
[WhiteElo "1985"]
[BlackElo "1539"]
[PlyCount "95"]
[EventDate "2016.11.12"]

1. e4 c6 2. d4 d5 3. Nc3 dxe4 4. Nxe4 Bf5 5. Ng3 Bg6 6. Nf3 Nd7 7. h4 h6 8. h5
Bh7 9. Bd3 Bxd3 10. Qxd3 e6 11. Bd2 Qc7 12. O-O-O O-O-O 13. Kb1 Ngf6 14. Qe2
Bd6 15. Ne4 Be7 16. g3 Nxe4 17. Qxe4 Nf6 18. Qe2 Bd6 19. c4 Qe7 20. a3 Rhe8 21.
Bc3 Bc7 22. Ne5 Bxe5 23. Qxe5 Qc7 24. Qe3 Rd7 25. Qf3 Red8 26. Rde1 c5 27. dxc5
Rd3 28. Re3 Rxe3 29. Qxe3 Qc6 30. Rh4 Qa4 31. Ka2 Qd1 32. Rd4 Rxd4 33. Bxd4
Qxh5 34. c6 bxc6 35. Bxa7 Nd7 36. Bd4 e5 37. Bc3 Qf5 38. Qe2 Qe6 39. b3 Kd8 40.
a4 c5 41. Qe4 f5 42. Qb7 g5 43. a5 e4 44. a6 Qb6 45. Qxb6+ Nxb6 46. Ba5 Kc7 47.
a7 Kb7 48. Bxb6 1-0